Prompting Intelligence AI For Zoologists/ (Record no. 214831)

MARC details
000 -LEADER
fixed length control field 00598nam a22001937a 4500
005 - DATE AND TIME OF LATEST TRANSACTION
control field 20260212115858.0
010 ## - LCCN (DPL NO)
LC control number ENG-147826
020 ## - INTERNATIONAL STANDARD BOOK NUMBER
International Standard Book Number 9789391657987
Terms of availability 350.00
035 ## - SYSTEM CONTROL NUMBER
System control number EN-131358
037 ## - SOURCE OF ACQUISITION
Source of stock number/acquisition DBAD
082 ## - DEWEY DECIMAL CLASSIFICATION NUMBER
Classification number 006.3
Edition number 1
100 ## - MAIN ENTRY--PERSONAL NAME
Personal name Kola, Ravi Kumar
245 ## - TITLE STATEMENT
Title Prompting Intelligence AI For Zoologists/
Statement of responsibility, etc Ravi Kumar Kola
250 ## - EDITION STATEMENT
Edition statement 1
260 ## - PUBLICATION, DISTRIBUTION, ETC. (IMPRINT)
Place of publication, distribution, etc New Delhi
Name of publisher, distributor, etc Aryan Publication
Date of publication, distribution, etc 2025
270 ## - ADDRESS
Address 110,Gali no.4, Harphool Vihar,Bapraula
City New Delhi
Postal code 110043
Electronic mail address aryanpublication@gmail.com
300 ## - PHYSICAL DESCRIPTION
Extent 94p.
Dimensions 22cm(hb)
942 ## - ADDED ENTRY ELEMENTS (KOHA)
Source of classification or shelving scheme Dewey Decimal Classification
Item type English Books
Classification part 006.3
Call number suffix KOL
Holdings
Withdrawn status Lost status Not for loan Collection code Home library Current library Date acquired Source of acquisition Cost, normal purchase price Full call number Barcode Copy number Cost, replacement price Koha item type
      Non-fiction Patel Nagar Patel Nagar 12/02/2026 Delivery of Books Act Division 395.00 006.3 KOL EN-131358 1 395.00 English Books

© Delhi Public Library
Hit Counter
free hit counter